[Event "Bundesliga 0001"]
[Site "Deutschland"]
[Date "2000.12.10"]
[Round "4.1"]
[White "Balcerak, Jakob"]
[Black "Aronian, Levon"]
[Result "1/2-1/2"]
[WhiteElo "2413"]
[BlackElo "2551"]
[PlyCount "83"]
[EventDate "2000.10.14"]
[EventType "team"]
[EventRounds "15"]
[EventCountry "GER"]
[SourceTitle "Bundesliga 0001"]
[Source "DeepChess"]
[SourceDate "2005.01.01"]
[SourceVersion "1"]
[SourceVersionDate "2005.01.01"]
[SourceQuality "1"]
[WhiteTeam "TSV Schott Mainz"]
[BlackTeam "SV Wattenscheid 1930"]
[WhiteTeamCountry "GER"]
[BlackTeamCountry "GER"]

1. e4 e5 2. Nf3 Nc6 3. Bb5 a6 4. Ba4 Nf6 5. O-O Be7 6. Re1 d6 7. Bxc6+ bxc6 8.
d4 exd4 9. Qxd4 O-O 10. Nc3 Bg4 11. Qe3 Re8 12. h3 Bxf3 13. Qxf3 Nd7 14. b3 Bf6
15. Bb2 Be5 16. Na4 Re6 17. Bxe5 Nxe5 18. Qf4 Ng6 19. Qf3 Qg5 20. g3 Rae8 21.
Re3 Rf6 22. Qg4 Qe5 23. Rf1 Nf8 24. Qe2 Qb5 25. Re1 Rfe6 26. Nb2 Nd7 27. Nd3
Qa5 28. a4 Qb6 29. Qd2 Ne5 30. Nxe5 Rxe5 31. Kg2 c5 32. f4 R5e6 33. e5 Qc6+ 34.
Kh2 dxe5 35. Rxe5 Rxe5 36. Rxe5 Kf8 37. Rxe8+ Kxe8 38. Qc3 Qd5 39. Kg1 Kd7 40.
Kf2 Kd6 41. Ke3 f6 42. Qd3 1/2-1/2

[Event "Bundesliga 0001"]
[Site "Deutschland"]
[Date "2000.12.10"]
[Round "4.2"]
[White "Nielsen, Peter Heine"]
[Black "Kosten, Anthony C"]
[Result "1/2-1/2"]
[WhiteElo "2578"]
[BlackElo "2524"]
[PlyCount "78"]
[EventDate "2000.10.14"]
[EventType "team"]
[EventRounds "15"]
[EventCountry "GER"]
[SourceTitle "Bundesliga 0001"]
[Source "DeepChess"]
[SourceDate "2005.01.01"]
[SourceVersion "1"]
[SourceVersionDate "2005.01.01"]
[SourceQuality "1"]
[WhiteTeam "SV Wattenscheid 1930"]
[BlackTeam "TSV Schott Mainz"]
[WhiteTeamCountry "GER"]
[BlackTeamCountry "GER"]

1. d4 Nf6 2. c4 e6 3. Nf3 Bb4+ 4. Nbd2 b6 5. a3 Bxd2+ 6. Qxd2 Bb7 7. e3 O-O 8.
Be2 d6 9. O-O Nbd7 10. b4 a5 11. Bb2 Qe7 12. Qc2 c5 13. dxc5 dxc5 14. bxa5 Rxa5
15. Ne5 Nxe5 16. Bxe5 Nd7 17. Bb2 Qg5 18. g3 Raa8 19. Rad1 Qe7 20. Qd2 Bc6 21.
Qd6 Qxd6 22. Rxd6 Rfc8 23. g4 h6 24. h4 Nf6 25. g5 hxg5 26. hxg5 Ne8 27. Rd2
Kf8 28. Rb1 Ke7 29. f3 f6 30. Kf2 e5 31. Rbd1 Rd8 32. Rxd8 Rxd8 33. Rxd8 Kxd8
34. f4 exf4 35. exf4 Ke7 36. Ke3 Nd6 37. gxf6+ gxf6 38. Bd3 Ke6 39. Bc1 Bb7
1/2-1/2

[Event "Bundesliga 0001"]
[Site "Deutschland"]
[Date "2000.12.10"]
[Round "4.3"]
[White "Cicak, Slavko"]
[Black "Rustemov, Alexander"]
[Result "1/2-1/2"]
[WhiteElo "2543"]
[BlackElo "2534"]
[PlyCount "24"]
[EventDate "2000.10.14"]
[EventType "team"]
[EventRounds "15"]
[EventCountry "GER"]
[SourceTitle "Bundesliga 0001"]
[Source "DeepChess"]
[SourceDate "2005.01.01"]
[SourceVersion "1"]
[SourceVersionDate "2005.01.01"]
[SourceQuality "1"]
[WhiteTeam "TSV Schott Mainz"]
[BlackTeam "SV Wattenscheid 1930"]
[WhiteTeamCountry "GER"]
[BlackTeamCountry "GER"]

1. e4 e6 2. c4 c5 3. Nf3 Nc6 4. Nc3 Nf6 5. d4 cxd4 6. Nxd4 Bb4 7. Nxc6 bxc6 8.
Bd2 e5 9. Bd3 O-O 10. O-O d6 11. Na4 Bxd2 12. Qxd2 d5 1/2-1/2

[Event "Bundesliga 0001"]
[Site "Deutschland"]
[Date "2000.12.10"]
[Round "4.4"]
[White "Handke, Florian"]
[Black "Lisanti, Andre"]
[Result "1-0"]
[WhiteElo "2455"]
[BlackElo "2300"]
[PlyCount "87"]
[EventDate "2000.10.14"]
[EventType "team"]
[EventRounds "15"]
[EventCountry "GER"]
[SourceTitle "Bundesliga 0001"]
[Source "DeepChess"]
[SourceDate "2005.01.01"]
[SourceVersion "1"]
[SourceVersionDate "2005.01.01"]
[SourceQuality "1"]
[WhiteTeam "SV Wattenscheid 1930"]
[BlackTeam "TSV Schott Mainz"]
[WhiteTeamCountry "GER"]
[BlackTeamCountry "GER"]

1. e4 c5 2. Nf3 Nc6 3. Nc3 g6 4. Bb5 Bg7 5. O-O Nd4 6. Ba4 Qa5 7. a3 b5 8. b4
Qd8 9. Bb3 c4 10. Ba2 Bb7 11. Bb2 e6 12. Nxb5 Nxf3+ 13. Qxf3 Bxb2 14. Nd6+ Ke7
15. Nxb7 Qc7 16. Rab1 Be5 17. Na5 Bxh2+ 18. Kh1 Bf4 19. e5 Qxe5 20. g3 Nf6 21.
Qxf4 Qd5+ 22. Kg1 Rac8 23. Nxc4 g5 24. Qe5 Rxc4 25. Qxd5 exd5 26. Bxc4 dxc4 27.
Rfe1+ Kd6 28. c3 Ng4 29. Re4 Ne5 30. f4 gxf4 31. gxf4 Rg8+ 32. Kf1 Nf3 33. Kf2
f5 34. Rxc4 Nh2 35. Rh1 Ng4+ 36. Kf3 h6 37. Rc5 Ke6 38. Ra5 Ra8 39. Rh5 Rf8 40.
Rxa7 d6 41. a4 d5 42. Ra6+ Kd7 43. a5 Kc7 44. b5 1-0

[Event "Bundesliga 0001"]
[Site "Deutschland"]
[Date "2000.12.10"]
[Round "4.5"]
[White "Vogler, Tilmann"]
[Black "Holzke, Frank"]
[Result "1/2-1/2"]
[WhiteElo "2373"]
[BlackElo "2470"]
[PlyCount "135"]
[EventDate "2000.10.14"]
[EventType "team"]
[EventRounds "15"]
[EventCountry "GER"]
[SourceTitle "Bundesliga 0001"]
[Source "DeepChess"]
[SourceDate "2005.01.01"]
[SourceVersion "1"]
[SourceVersionDate "2005.01.01"]
[SourceQuality "1"]
[WhiteTeam "TSV Schott Mainz"]
[BlackTeam "SV Wattenscheid 1930"]
[WhiteTeamCountry "GER"]
[BlackTeamCountry "GER"]

1. d4 Nf6 2. Nc3 d5 3. Bg5 e6 4. e4 dxe4 5. Nxe4 Be7 6. Bxf6 Bxf6 7. Nf3 O-O 8.
Qd3 Nd7 9. O-O-O b6 10. h4 Bb7 11. Nfg5 Bxg5+ 12. hxg5 Bxe4 13. Qxe4 Qxg5+ 14.
Kb1 Nf6 15. Qc6 Qf4 16. f3 Rad8 17. c3 Rd6 18. Qxc7 Rxd4 19. Qxf4 Rxf4 20. Be2
h5 21. Rd6 Rf5 22. c4 Rg5 23. Bf1 Rc8 24. b3 Kf8 25. Rh4 Ke7 26. Rd1 Rd8 27.
Rxd8 Kxd8 28. Kc2 Kc7 29. Kd2 Ra5 30. a4 g5 31. Rh1 Re5 32. Bd3 a5 33. Rf1 Kd6
34. Kc2 Nd7 35. Kd2 Nc5 36. Bc2 h4 37. f4 gxf4 38. Rxf4 Rg5 39. Rxh4 Rxg2+ 40.
Kc3 Rf2 41. Rh8 e5 42. Rb8 Kc7 43. Re8 Rf3+ 44. Kb2 e4 45. Bd1 Rf2+ 46. Kc3 Kd7
47. Re5 f6 48. Rd5+ Kc7 49. b4 axb4+ 50. Kxb4 Ra2 51. Rf5 Ra1 52. Be2 Re1 53.
a5 Na6+ 54. Kc3 bxa5 55. Kd2 Ra1 56. c5 Nb4 57. Bb5 a4 58. Rxf6 e3+ 59. Ke2
Ra2+ 60. Kf1 a3 61. Rf7+ Kd8 62. Rf8+ Ke7 63. Re8+ Kf6 64. Bc4 Rf2+ 65. Kg1 Rc2
66. Rxe3 Rxc4 67. Rxa3 Rxc5 68. Kf2 1/2-1/2

[Event "Bundesliga 0001"]
[Site "Deutschland"]
[Date "2000.12.10"]
[Round "4.6"]
[White "Ellers, Holger"]
[Black "Wornath, Kai Rudolf"]
[Result "1-0"]
[WhiteElo "2418"]
[BlackElo "2398"]
[PlyCount "83"]
[EventDate "2000.10.14"]
[EventType "team"]
[EventRounds "15"]
[EventCountry "GER"]
[SourceTitle "Bundesliga 0001"]
[Source "DeepChess"]
[SourceDate "2005.01.01"]
[SourceVersion "1"]
[SourceVersionDate "2005.01.01"]
[SourceQuality "1"]
[WhiteTeam "SV Wattenscheid 1930"]
[BlackTeam "TSV Schott Mainz"]
[WhiteTeamCountry "GER"]
[BlackTeamCountry "GER"]

1. d4 Nf6 2. Nf3 g6 3. g3 Bg7 4. Bg2 O-O 5. O-O d6 6. c4 c5 7. Nc3 Nc6 8. d5
Na5 9. Nd2 b6 10. Qc2 Rb8 11. b3 a6 12. Bb2 b5 13. Rab1 Bd7 14. Nd1 Qc7 15. e4
bxc4 16. bxc4 Rb4 17. Bc3 Ba4 18. Qd3 Rxb1 19. Qxb1 Bxd1 20. Qxd1 Nd7 21. Qa1
Bxc3 22. Qxc3 Rb8 23. Bh3 Nf8 24. f4 f6 25. e5 f5 26. g4 fxg4 27. Bxg4 Nb7 28.
Ne4 Qa5 29. Qc2 Qa3 30. Rf3 Qb4 31. Rb3 Qe1+ 32. Kg2 Qh4 33. Nf2 dxe5 34. fxe5
Qg5 35. Qe4 h5 36. h4 Qd2 37. Be6+ Kh8 38. Bf7 Kg7 39. d6 Kxf7 40. Rxb7 Rxb7
41. Qxb7 Qd4 42. e6+ 1-0

[Event "Bundesliga 0001"]
[Site "Deutschland"]
[Date "2000.12.10"]
[Round "4.7"]
[White "Neidhardt, Claus Ulrich"]
[Black "Straeter, Timo"]
[Result "1-0"]
[WhiteElo "2429"]
[BlackElo "2370"]
[PlyCount "49"]
[EventDate "2000.10.14"]
[EventType "team"]
[EventRounds "15"]
[EventCountry "GER"]
[SourceTitle "Bundesliga 0001"]
[Source "DeepChess"]
[SourceDate "2005.01.01"]
[SourceVersion "1"]
[SourceVersionDate "2005.01.01"]
[SourceQuality "1"]
[WhiteTeam "TSV Schott Mainz"]
[BlackTeam "SV Wattenscheid 1930"]
[WhiteTeamCountry "GER"]
[BlackTeamCountry "GER"]

1. d4 f5 2. c4 Nf6 3. Nf3 e6 4. Nc3 Bb4 5. Qb3 a5 6. a3 Bxc3+ 7. Qxc3 Nc6 8. b3
O-O 9. e3 d6 10. Bb2 Qe7 11. Bd3 Bd7 12. O-O Rae8 13. Nd2 b6 14. f4 Nd8 15. e4
fxe4 16. Nxe4 Nxe4 17. Bxe4 Bc6 18. d5 exd5 19. cxd5 Bb5 20. Rf3 Rf7 21. Re1
Qf8 22. Rh3 h6 23. Rxh6 Rf5 24. Qh3 gxh6 25. Qg4+ 1-0

[Event "Bundesliga 0001"]
[Site "Deutschland"]
[Date "2000.12.10"]
[Round "4.8"]
[White "Thiel, Thomas"]
[Black "Treppner, Gerd"]
[Result "1/2-1/2"]
[WhiteElo "2301"]
[BlackElo "2307"]
[PlyCount "117"]
[EventDate "2000.10.14"]
[EventType "team"]
[EventRounds "15"]
[EventCountry "GER"]
[SourceTitle "Bundesliga 0001"]
[Source "DeepChess"]
[SourceDate "2005.01.01"]
[SourceVersion "1"]
[SourceVersionDate "2005.01.01"]
[SourceQuality "1"]
[WhiteTeam "SV Wattenscheid 1930"]
[BlackTeam "TSV Schott Mainz"]
[WhiteTeamCountry "GER"]
[BlackTeamCountry "GER"]

1. e4 e5 2. d4 exd4 3. Qxd4 Nc6 4. Qe3 Be7 5. Nc3 Nf6 6. Bd2 O-O 7. O-O-O d5 8.
exd5 Nxd5 9. Nxd5 Qxd5 10. c4 Qc5 11. Nf3 Bf5 12. Be2 Rad8 13. a3 a5 14. Rhe1
a4 15. Bc3 Qxe3+ 16. fxe3 Be4 17. Rxd8 Rxd8 18. Nd2 Bg6 19. Bd1 Ra8 20. Bc2
Bxc2 21. Kxc2 Bd6 22. g3 Re8 23. Re2 f6 24. Nf3 Bc5 25. e4 Kf7 26. Re1 Bd6 27.
Kd3 b6 28. Rf1 Bc5 29. e5 f5 30. g4 Rd8+ 31. Kc2 g6 32. Ng5+ Ke7 33. gxf5 gxf5
34. Rxf5 h6 35. Rf7+ Ke8 36. Rxc7 Nd4+ 37. Bxd4 Rxd4 38. Ne6 Rxc4+ 39. Kd3 Rh4
40. Ng7+ Kd8 41. Ne6+ Ke8 42. Nxc5 bxc5 43. Rxc5 Rxh2 44. Rb5 Kd7 45. Kc3 Ke6
46. Rb4 Kxe5 47. Rxa4 Rh3+ 48. Kc2 Rh2+ 49. Kb3 Rh3+ 50. Ka2 Kd5 51. Ra8 Kc5
52. Rb8 h5 53. a4 h4 54. a5 Rg3 55. a6 Rg7 56. b4+ Kc4 57. Ka3 Rg1 58. Rc8+ Kb5
59. Rc5+ 1/2-1/2

[Event "Bundesliga 0001"]
[Site "Deutschland"]
[Date "2001.01.07"]
[Round "5.1"]
[White "Lutz, Christopher"]
[Black "Dautov, Rustem"]
[Result "1/2-1/2"]
[WhiteElo "2595"]
[BlackElo "2606"]
[PlyCount "62"]
[EventDate "2000.10.14"]
[EventType "team"]
[EventRounds "15"]
[EventCountry "GER"]
[SourceTitle "Bundesliga 0001"]
[Source "DeepChess"]
[SourceDate "2005.01.01"]
[SourceVersion "1"]
[SourceVersionDate "2005.01.01"]
[SourceQuality "1"]
[WhiteTeam "SG Porz e.V."]
[BlackTeam "Godesberger SK 1929"]
[WhiteTeamCountry "GER"]
[BlackTeamCountry "GER"]

1. e4 c6 2. d4 d5 3. Nd2 dxe4 4. Nxe4 Bf5 5. Ng3 Bg6 6. h4 h6 7. Nf3 Nd7 8. h5
Bh7 9. Bd3 Bxd3 10. Qxd3 e6 11. Bf4 Qa5+ 12. Bd2 Qc7 13. O-O-O Ngf6 14. Ne4 Be7
15. Nxf6+ Bxf6 16. Qe4 O-O-O 17. Bf4 Qa5 18. Kb1 Qd5 19. Qe2 Qb5 20. Qxb5 cxb5
21. d5 Rhe8 22. Be3 a6 23. dxe6 Rxe6 24. Nd4 Re5 25. c3 Rd5 26. Nf3 Nc5 27. Kc2
Ne6 28. g4 Kc7 29. Rxd5 Rxd5 30. Ra1 Be7 31. Nd4 Kd7 1/2-1/2

[Event "Bundesliga 0001"]
[Site "Deutschland"]
[Date "2001.01.07"]
[Round "5.4"]
[White "David, Alberto"]
[Black "Hansen, Curt"]
[Result "1/2-1/2"]
[WhiteElo "2487"]
[BlackElo "2613"]
[PlyCount "59"]
[EventDate "2000.10.14"]
[EventType "team"]
[EventRounds "15"]
[EventCountry "GER"]
[SourceTitle "Bundesliga 0001"]
[Source "DeepChess"]
[SourceDate "2005.01.01"]
[SourceVersion "1"]
[SourceVersionDate "2005.01.01"]
[SourceQuality "1"]
[WhiteTeam "Godesberger SK 1929"]
[BlackTeam "SG Porz e.V."]
[WhiteTeamCountry "GER"]
[BlackTeamCountry "GER"]

1. c4 e5 2. g3 Nf6 3. Bg2 c6 4. d4 Bb4+ 5. Bd2 Bxd2+ 6. Qxd2 d6 7. Nc3 O-O 8.
e3 Be6 9. b3 Na6 10. Nge2 Re8 11. h3 Nc7 12. O-O e4 13. g4 d5 14. Ng3 h6 15. c5
Bd7 16. f3 exf3 17. Rxf3 Ne6 18. Raf1 Ng5 19. Rxf6 gxf6 20. e4 dxe4 21. Ncxe4
Nxe4 22. Nxe4 Rxe4 23. Bxe4 Kg7 24. Bc2 Qe7 25. Re1 Be6 26. Qd3 Rh8 27. Qg3 Qd8
28. Re4 h5 29. gxh5+ Kf8 30. Qh4 1/2-1/2

[Event "Bundesliga 0001"]
[Site "Deutschland"]
[Date "2001.01.07"]
[Round "5.5"]
[White "Graf, Alexander"]
[Black "Kveinys, Aloyzas"]
[Result "1-0"]
[WhiteElo "2642"]
[BlackElo "2522"]
[PlyCount "59"]
[EventDate "2000.10.14"]
[EventType "team"]
[EventRounds "15"]
[EventCountry "GER"]
[SourceTitle "Bundesliga 0001"]
[Source "DeepChess"]
[SourceDate "2005.01.01"]
[SourceVersion "1"]
[SourceVersionDate "2005.01.01"]
[SourceQuality "1"]
[WhiteTeam "SG Porz e.V."]
[BlackTeam "Godesberger SK 1929"]
[WhiteTeamCountry "GER"]
[BlackTeamCountry "GER"]

1. d4 Nf6 2. c4 e6 3. Nc3 Bb4 4. e3 O-O 5. Bd3 d5 6. Nf3 c5 7. O-O Nc6 8. a3
Bxc3 9. bxc3 dxc4 10. Bxc4 Qc7 11. a4 e5 12. Ba3 b6 13. Qc2 Re8 14. Ng5 Nd8 15.
Bb5 Bd7 16. dxc5 e4 17. c4 Ng4 18. g3 Nc6 19. cxb6 Qe5 20. Rad1 Qxg5 21. Rxd7
Nce5 22. Rxa7 Qh6 23. h4 Nf3+ 24. Kg2 Nxh4+ 25. gxh4 Qg6 26. Rg1 Rad8 27. Bxe8
Ne5+ 28. Kf1 Qf5 29. Bxf7+ Nxf7 30. Rg3 1-0

[Event "Bundesliga 0001"]
[Site "Deutschland"]
[Date "2001.01.07"]
[Round "5.6"]
[White "Langheinrich, Ferenc"]
[Black "Nijboer, Friso"]
[Result "1-0"]
[WhiteElo "2384"]
[BlackElo "2537"]
[PlyCount "113"]
[EventDate "2000.10.14"]
[EventType "team"]
[EventRounds "15"]
[EventCountry "GER"]
[SourceTitle "Bundesliga 0001"]
[Source "DeepChess"]
[SourceDate "2005.01.01"]
[SourceVersion "1"]
[SourceVersionDate "2005.01.01"]
[SourceQuality "1"]
[WhiteTeam "Godesberger SK 1929"]
[BlackTeam "SG Porz e.V."]
[WhiteTeamCountry "GER"]
[BlackTeamCountry "GER"]

1. e4 d6 2. d4 g6 3. Nc3 Bg7 4. Be3 c6 5. h4 Nf6 6. f3 Qb6 7. Rb1 Qc7 8. g4 h5
9. g5 Nfd7 10. f4 b5 11. f5 Nb6 12. Qf3 b4 13. Nce2 Nc4 14. Nf4 Nxe3 15. Qxe3
e5 16. fxe6 Bxe6 17. Nxe6 fxe6 18. Nf3 Nd7 19. Bh3 O-O 20. Bxe6+ Kh7 21. O-O
Rae8 22. Bh3 Nb6 23. Qd3 c5 24. c3 bxc3 25. bxc3 Qf7 26. Ne5 Qe7 27. Nxg6 Rxf1+
28. Rxf1 Qxe4 29. Qxe4 Rxe4 30. Nf4 Re3 31. Bf5+ Kg8 32. dxc5 dxc5 33. Rd1 Bxc3
34. Rd8+ Kg7 35. Nxh5+ Kf7 36. g6+ Ke7 37. Rd1 Rf3 38. Bg4 Rf8 39. Kg2 Bd4 40.
Re1+ Kd6 41. Re2 Nd5 42. Re6+ Kc7 43. g7 Rg8 44. Re1 Bxg7 45. Be6 Bc3+ 46. Bxg8
Bxe1 47. Bxd5 Bxh4 48. Kf3 Kb6 49. Bc4 Ka5 50. Ke4 Kb4 51. Kd3 a5 52. Nf4 a4
53. Nd5+ Ka5 54. Kc2 Bg5 55. Kc3 Bh6 56. Be2 Bg7+ 57. Kc4 1-0

[Event "Bundesliga 0001"]
[Site "Deutschland"]
[Date "2001.01.07"]
[Round "5.7"]
[White "Hort, Vlastimil"]
[Black "Jackelen, Thomas"]
[Result "0-1"]
[WhiteElo "2539"]
[BlackElo "2373"]
[PlyCount "82"]
[EventDate "2000.10.14"]
[EventType "team"]
[EventRounds "15"]
[EventCountry "GER"]
[SourceTitle "Bundesliga 0001"]
[Source "DeepChess"]
[SourceDate "2005.01.01"]
[SourceVersion "1"]
[SourceVersionDate "2005.01.01"]
[SourceQuality "1"]
[WhiteTeam "SG Porz e.V."]
[BlackTeam "Godesberger SK 1929"]
[WhiteTeamCountry "GER"]
[BlackTeamCountry "GER"]

1. d4 Nf6 2. c4 g6 3. Nc3 d5 4. Nf3 Bg7 5. Qb3 dxc4 6. Qxc4 O-O 7. e4 Na6 8.
Be2 c5 9. d5 e6 10. O-O exd5 11. exd5 Bf5 12. Rd1 Re8 13. d6 Qb6 14. Ng5 h6 15.
Qxf7+ Kh8 16. Nf3 Kh7 17. Qc4 Qb4 18. a3 Qxc4 19. Bxc4 Rad8 20. Be3 Ne4 21.
Nxe4 Rxe4 22. Bd5 Bxb2 23. Rab1 Rxe3 24. fxe3 Bxb1 25. Rxb1 Rxd6 26. Rxb2 Rxd5
27. Rxb7+ Kg8 28. Rxa7 Rd6 29. Kf2 c4 30. Ra8+ Kg7 31. Rc8 Rd3 32. a4 Rc3 33.
Ne5 Rc2+ 34. Kf3 c3 35. Rc6 Nb4 36. Rxg6+ Kh7 37. Rb6 Rb2 38. Rb7+ Kg8 39. Rc7
c2 40. a5 Rb1 41. Ng4 c1=Q 0-1

[Event "Bundesliga 0001"]
[Site "Deutschland"]
[Date "2001.01.07"]
[Round "5.8"]
[White "Seger, Ruediger"]
[Black "Van den Doel, Erik"]
[Result "0-1"]
[WhiteElo "2399"]
[BlackElo "2547"]
[PlyCount "73"]
[EventDate "2000.10.14"]
[EventType "team"]
[EventRounds "15"]
[EventCountry "GER"]
[SourceTitle "Bundesliga 0001"]
[Source "DeepChess"]
[SourceDate "2005.01.01"]
[SourceVersion "1"]
[SourceVersionDate "2005.01.01"]
[SourceQuality "1"]
[WhiteTeam "Godesberger SK 1929"]
[BlackTeam "SG Porz e.V."]
[WhiteTeamCountry "GER"]
[BlackTeamCountry "GER"]

1. e4 e5 2. Nf3 Nc6 3. d4 exd4 4. Nxd4 Bc5 5. Nxc6 Qf6 6. Qd2 dxc6 7. Nc3 Ne7
8. Qf4 Qe6 9. Bd3 O-O 10. O-O Ng6 11. Qg3 Qe5 12. Qxe5 Nxe5 13. Be2 a5 14. Kh1
Ng4 15. Kg1 a4 16. a3 f6 17. Bxg4 Bxg4 18. Bf4 Rf7 19. Rae1 Be6 20. Be3 Bf8 21.
Rd1 b5 22. f3 b4 23. axb4 Bxb4 24. Nb1 Rff8 25. g4 g6 26. Kg2 Rab8 27. Rf2 f5
28. gxf5 gxf5 29. Bd4 Rfd8 30. c3 c5 31. cxb4 Rxd4 32. Rc1 cxb4 33. Rxc7 fxe4
34. fxe4 Rxe4 35. Nd2 Rg4+ 36. Kf1 a3 37. bxa3 0-1

[Event "Bundesliga 0001"]
[Site "Deutschland"]
[Date "2001.01.07"]
[Round "5.1"]
[White "Ftacnik, Lubomir"]
[Black "Shirov, Alexei"]
[Result "1/2-1/2"]
[WhiteElo "2608"]
[BlackElo "2746"]
[PlyCount "67"]
[EventDate "2000.10.14"]
[EventType "team"]
[EventRounds "15"]
[EventCountry "GER"]
[SourceTitle "Bundesliga 0001"]
[Source "DeepChess"]
[SourceDate "2005.01.01"]
[SourceVersion "1"]
[SourceVersionDate "2005.01.01"]
[SourceQuality "1"]
[WhiteTeam "Hamburger SK 1830 e.V."]
[BlackTeam "Luebecker SV von 1873 "]
[WhiteTeamCountry "GER"]
[BlackTeamCountry "GER"]

1. Nf3 Nf6 2. c4 g6 3. Nc3 Bg7 4. e4 d6 5. d4 O-O 6. Be2 e5 7. O-O Na6 8. Re1
c6 9. Bf1 Bg4 10. d5 cxd5 11. cxd5 Ne8 12. Be2 Bd7 13. a3 Nac7 14. Qb3 b5 15.
Bg5 f6 16. Bd2 f5 17. Ng5 Qe7 18. Ne6 Nxe6 19. dxe6 Bxe6 20. Qxb5 Nf6 21. Qd3
fxe4 22. Nxe4 d5 23. Ng5 Bf5 24. Bb4 Qxb4 25. axb4 Bxd3 26. Bxd3 e4 27. Bb5
Rab8 28. Bc6 Rxb4 29. Rxa7 Bh6 30. h4 Rxb2 31. Rd1 Rc2 32. Bxd5+ Nxd5 33. Rxd5
Rcxf2 34. Re7 1/2-1/2

[Event "Bundesliga 0001"]
[Site "Deutschland"]
[Date "2001.01.07"]
[Round "5.2"]
[White "Bareev, Evgeny"]
[Black "Dorfman, Josif D"]
[Result "1/2-1/2"]
[WhiteElo "2702"]
[BlackElo "2600"]
[PlyCount "51"]
[EventDate "2000.10.14"]
[EventType "team"]
[EventRounds "15"]
[EventCountry "GER"]
[SourceTitle "Bundesliga 0001"]
[Source "DeepChess"]
[SourceDate "2005.01.01"]
[SourceVersion "1"]
[SourceVersionDate "2005.01.01"]
[SourceQuality "1"]
[WhiteTeam "Luebecker SV von 1873 "]
[BlackTeam "Hamburger SK 1830 e.V."]
[WhiteTeamCountry "GER"]
[BlackTeamCountry "GER"]

1. d4 Nf6 2. c4 e6 3. Nc3 Bb4 4. e3 c5 5. Nge2 cxd4 6. exd4 O-O 7. a3 Be7 8.
Nf4 d6 9. Be2 e5 10. dxe5 dxe5 11. Nfd5 Nxd5 12. cxd5 a6 13. O-O f5 14. Be3 Bd6
15. b4 Nd7 16. Na4 Qe7 17. Rc1 b5 18. Nc5 f4 19. Nxd7 Bxd7 20. Bc5 Rac8 21. Re1
Rfe8 22. Bd3 g6 23. Qc2 Kf7 24. Be4 Rc7 25. Qd2 Rec8 26. Bxd6 1/2-1/2

[Event "Bundesliga 0001"]
[Site "Deutschland"]
[Date "2001.01.07"]
[Round "5.3"]
[White "Kempinski, Robert"]
[Black "Epishin, Vladimir"]
[Result "1/2-1/2"]
[WhiteElo "2498"]
[BlackElo "2567"]
[PlyCount "358"]
[EventDate "2000.10.14"]
[EventType "team"]
[EventRounds "15"]
[EventCountry "GER"]
[SourceTitle "Bundesliga 0001"]
[Source "DeepChess"]
[SourceDate "2005.01.01"]
[SourceVersion "1"]
[SourceVersionDate "2005.01.01"]
[SourceQuality "1"]
[WhiteTeam "Hamburger SK 1830 e.V."]
[BlackTeam "Luebecker SV von 1873 "]
[WhiteTeamCountry "GER"]
[BlackTeamCountry "GER"]

1. d4 Nf6 2. c4 g6 3. Nf3 Bg7 4. e3 O-O 5. b4 b6 6. Bb2 d6 7. Be2 c5 8. b5 Bb7
9. O-O e6 10. Nbd2 Nbd7 11. a4 a5 12. bxa6 Rxa6 13. Qc2 Ra8 14. Rfc1 Re8 15.
Ne1 cxd4 16. exd4 e5 17. d5 Nc5 18. Nd3 Nxd3 19. Bxd3 Rc8 20. Qb1 Ba6 21. Bf1
Bh6 22. Bc3 Rc5 23. Qb2 Bc8 24. Re1 Bf5 25. a5 bxa5 26. Nb3 Rc8 27. Nxa5 Bd7
28. Bb4 Bf8 29. Qa3 Ra8 30. Qc3 Qb6 31. g3 Reb8 32. Reb1 Qc7 33. Qe1 Bf5 34.
Rb2 Bd7 35. h3 Rb6 36. Bc3 Rxb2 37. Bxb2 h5 38. Bg2 Qc5 39. Bc3 Rb8 40. Rb1
Rxb1 41. Qxb1 Bf5 42. Qb4 Qc8 43. h4 Be4 44. Bd2 Qg4 45. Qb3 Qe2 46. Qe3 Qd1+
47. Qe1 Qc2 48. f3 Bd3 49. Qc1 Qa2 50. Qc3 e4 51. Nb3 Bg7 52. fxe4 Qb1+ 53. Nc1
Nxe4 54. Qxd3 Qxd3 55. Nxd3 Nxd2 56. c5 Bd4+ 57. Kh2 Bxc5 58. Kh3 Be3 59. g4
hxg4+ 60. Kxg4 Kg7 61. Kg3 Kh6 62. Bh3 f5 63. Bg2 Bd4 64. Kh3 Kg7 65. Ne1 Bf2
66. Nf3 Nc4 67. Ng5 Kf6 68. Nh7+ Kg7 69. Ng5 Ne5 70. Bf1 Be3 71. Ne6+ Kf6 72.
Be2 Bf2 73. Ng5 Be3 74. Ne6 Bh6 75. Nd4 Bc1 76. Kg3 Bd2 77. Kh3 Be3 78. Nc6 Nd7
79. Bf3 Bf2 80. Nd8 Nc5 81. Bg2 Be1 82. Bf3 Ba5 83. Nc6 Bb6 84. Kg3 Nb3 85. Bg2
Nd2 86. Bh1 Nf1+ 87. Kh3 Bc5 88. Bf3 Nd2 89. Bg2 Bf2 90. Nd8 Nc4 91. Nc6 Ne3
92. Bf3 Be1 93. Bh1 Nd1 94. Bf3 Nf2+ 95. Kg2 Nd3 96. h5 g5 97. Bd1 Nf4+ 98. Kf1
Bc3 99. h6 Nxd5 100. Bb3 Ne3+ 101. Ke2 f4 102. Kd3 Bb2 103. h7 Kg7 104. Bg8 Bf6
105. Ke4 d5+ 106. Kf3 Kh8 107. Nb4 d4 108. Nd3 Nf5 109. Ke4 Ne7 110. Bc4 Kxh7
111. Nxf4 gxf4 112. Kxf4 Kg7 113. Kg4 Nc6 114. Kf5 Bh4 115. Ke4 Bf2 116. Bb5
Nb4 117. Bc4 Kf6 118. Be2 Ke6 119. Bc4+ Kd6 120. Be2 Kc5 121. Bf1 Nc6 122. Be2
Kb4 123. Bf1 Kc3 124. Bb5 Nb4 125. Bf1 d3 126. Bxd3 Nxd3 127. Kf3 Bc5 128. Ke4
Kc4 129. Kf5 Kd5 130. Kf6 Bd6 131. Kf7 Ne5+ 132. Ke8 Ke6 133. Kd8 Nf7+ 134. Kc8
Kd5 135. Kb7 Kc5 136. Ka6 Bc7 137. Kb7 Kd6 138. Ka6 Kc6 139. Ka7 Nd6 140. Ka8
Bd8 141. Ka7 Kb5 142. Kb8 Kb6 143. Ka8 Nb7 144. Kb8 Bc7+ 145. Ka8 Kc6 146. Ka7
Nc5 147. Ka8 Nd7 148. Ka7 Nb6 149. Ka6 Bb8 150. Ka5 Kc5 151. Ka6 Bd6 152. Kb7
Kb5 153. Ka7 Kc6 154. Ka6 Bb8 155. Ka5 Nd5 156. Ka6 Bc7 157. Ka7 Bb6+ 158. Kb8
Bc5 159. Ka8 Nc7+ 160. Kb8 Nb5 161. Ka8 Kb6 162. Kb8 Na7 163. Ka8 Ka6 164. Kb8
Bb6 165. Ka8 Nb5 166. Kb8 Nd6 167. Ka8 Kb5 168. Kb8 Kc6 169. Ka8 Bc7 170. Ka7
Nb7 171. Ka8 Nc5 172. Ka7 Bb6+ 173. Ka8 Bc7 174. Ka7 Nd7 175. Ka8 Bd6 176. Ka7
Nb6 177. Ka6 Bb8 178. Ka5 Bc7 179. Ka6 Nc8 1/2-1/2